|
|
|
|
| LEADER |
00000cam a2200000 7i4500 |
| 001 |
0000000802 |
| 005 |
20001010.0 |
| 020 |
0 |
0 |
|a 9839554069
|
| 090 |
0 |
0 |
|a MR634.960959521
|b CHE 1996
|
| 100 |
1 |
0 |
|a CHEY
|h Vun Khen
|c 1960-
|
| 245 |
1 |
0 |
|a Forest pest insects in Sabah
|c Chey Vun Khen
|
| 260 |
0 |
0 |
|a Sandakan :
|b Jabatan Perhutanan Sabah ,
|c 1996
|
| 300 |
|
|
|a vii, 111 p. :
|b col. ill. ;
|c 25 cm.
|
| 500 |
0 |
0 |
|a Bibliography : [p.104-109] and index
|
| 650 |
0 |
0 |
|a Forest insects
|z Sabah
|
| 710 |
1 |
1 |
|a Sabah ,
|c Jabatan Perhutanan
|
| 999 |
|
|
|a 0000001794
|b Monograph
|c Reference
|e Default branch
|